| 000 | 00547nam a2200181Ia 4500 | ||
|---|---|---|---|
| 003 | GCL | ||
| 008 | 140319s9999 xx 000 0 ara d | ||
| 040 |
_aGCL / _cGCL |
||
| 082 | 0 | 4 |
_a779 _bس ب |
| 100 | 1 | _aسينيسكالكو، كارمن | |
| 245 | 1 | 0 |
_aبيترو ميليكى الاعمال الفوتوغرافية 1994 - 1995 / _cسينيسكالكو، كارمن |
| 300 | _a56 ص | ||
| 490 | _a | ||
| 650 | 0 | 4 | _aالتصوير الفوتوغرافى |
| 650 | 0 | 4 | _aايطاليا |
| 650 | 0 | 4 | _aبيترو - ميلكى |
| 942 |
_2ddc _cBK |
||
| 999 |
_c44334 _d44334 |
||